000 00648nam a2200169 a 4500
001 000027814
005 20200930031122.0
008 110405s2003 dr acd 000 0 spa d
040 _aDO-SdBNP
_bspa
_cBNPHU
245 0 0 _aMemoria anual 2003 /
_ccoordinador Eleuterio Reyes.
260 _aSanto Domingo :
_bEditora Amigo del Hogar,
_c2003.
300 _a57 p. :
_bil., gráf., retrs. ;
_c30 cm.
500 _a40 años, construyendo el desarrollo del país, instituciones que fueron gestadas y apoyadas por la Asociación para el Desarrollo
700 1 _aReyes, Eleuterio
_954885
710 1 _aAciación para el Desarrollo 1961
_954886
049 _aBNPD
999 _c27306
_d27306